00920nam a2200241 i 4500001000300000100002800003245018200031260004300213300002900256500002600285650002200311655005000333700002100383700001900404700003800423020001800461040000800479041001600487044000800503080002800511008004100539856009800580bg1 aAufderstraße, Hartmut.00aLagune 1 :bpodręcznik : język niemiecki dla szkół ponadgimnazjalnych /cHartmut Aufderstraße, Jutta Müller, Thomas Storz ; oprac. edycji pol. Alina Dorota Jarząbek. aIsmaning :bMax Hueber Verlag ;c2006. a184 s.c28 cm +eCD ROM. aNa okł. : Poziom A1. 9aJęzyk niemiecki aPodręczniki dla szkół ponadgimnazjalnych1 aMüller, Jutta.1 aStorz, Thomas.1 aJarząbek, Alina Dorota.eOprac. a9783192016242 cBPK0 agerpolhger ager a811.112.2(075.3-021.66) s pl f |000 0 pol  uhttp://koha.tu.koszalin.pl/cgi-bin/koha/opac-detail.pl?biblionumber=54327yKatalog online BPK